| 000 | 00998nam a2200301 a 4500 | ||
|---|---|---|---|
| 003 | AR-BaBNM | ||
| 005 | 20251128210008.0 | ||
| 008 | 082120s2002 ||||||||||||||000 | spa|| | ||
| 020 | _a950-99676-5-3 | ||
| 040 | _cAR-BaBNM | ||
| 100 | 1 | _aSverdlick, Laura | |
| 245 | 0 | 0 | _a¡Socorro, los chicos hablan! |
| 260 |
_aBuenos Aires _bLa Colmena _c1991 |
||
| 300 |
_a136 p. _bil. |
||
| 500 | _aEl objetivo de este texto es -según la autora- el de exponer, destacar y revalorizar el sentir del niño a través de su palabra | ||
| 500 | _aIncluye una carta de UNICEF 4 de diciembre de 1989 en donde le comunican el auspicio a la publicación de este libro | ||
| 600 | 1 | 4 | _aShapiro, Liliana |
| 650 | 4 | _aEDUCACION | |
| 650 | 4 | _aMATERIAL DE LECTURA | |
| 650 | 4 | _aLIBERTAD DE EXPRESION | |
| 650 | 4 | _aDERECHOS DEL NIÑO | |
| 650 | 4 | _aDERECHOS HUMANOS | |
| 650 | 4 | _aEDUCACION PARA LA PAZ | |
| 651 | 4 | _aArgentina | |
| 653 | _aEDUCACION PARA LA TOLERANCIA | ||
| 942 | _cBK | ||
| 998 | _carturo | ||
| 999 |
_c13632 _d13632 |
||